A new history of classical rhetoric. An extensive revision and abridgement of The art of persuasion in Greece, the art of rhetoric in the roman world and Greek rhetoric under Christian emperors with additional discussion of late latin rhetoric.
Պահպանված է:
| Հիմնական հեղինակ: | |
|---|---|
| Ձևաչափ: | Գիրք |
| Լեզու: | անգլերեն |
| Հրապարակվել է: |
Princeton, New Jersey, United States:
Princeton University Press,
1994.
|
| Շարք: | Classics. Literary criticism.
|
| Խորագրեր: | |
| Ցուցիչներ: |
Ավելացրեք ցուցիչ
Չկան պիտակներ, Եղեք առաջինը, ով նշում է այս գրառումը!
|
MARC
| LEADER | 00000nam a22000007a 4500 | ||
|---|---|---|---|
| 003 | CL-VaPUC | ||
| 005 | 20220822114753.0 | ||
| 008 | 220801t1994 ||||| |||| 00| 0 eng d | ||
| 999 | |c 437803 |d 437801 | ||
| 020 | |a 0-691-03443-5 | ||
| 040 | |c Pontificia Universidad Católica de Valparaíso | ||
| 082 | |2 22 |a 808 KEN 1994 | ||
| 100 | |9 873354 |a Kennedy, George A. |e author | ||
| 245 | |a A new history of classical rhetoric. |b An extensive revision and abridgement of The art of persuasion in Greece, the art of rhetoric in the roman world and Greek rhetoric under Christian emperors with additional discussion of late latin rhetoric. | ||
| 260 | |a Princeton, New Jersey, United States: |b Princeton University Press, |c 1994. | ||
| 300 | |a 301 páginas. | ||
| 490 | |a Classics. Literary criticism. | ||
| 500 | |a c.1 Donación Familia Prof. Alejandro Guzmán Brito. | ||
| 583 | |c 20220801 |k Yessy Sthefany Diaz Vidal | ||
| 650 | 0 | |9 266620 |a Retórica |x Edad Antigua | |
| 650 | 0 | |a Retórica |x Grecia |x Historia |9 874474 | |
| 650 | 0 | |9 265028 |a Discursos |x Grecia |x Historia | |
| 942 | |2 ddc |c BK |n 0 | ||
| 952 | |0 0 |1 0 |2 ddc |4 0 |6 808_000000000000000_KEN_1994 |7 0 |8 C_AGB |9 585631 |a BIBDER |b BIBDER |d 2022-08-01 |e Donación |i 5653575 |o 808 KEN 1994 |p 5653575 |r 2023-01-25 |t 1 |w 2022-08-01 |y BK_US |k AGB | ||